书目信息 |
| 题名: |
经济社会学
|
|
| 作者: | 刘世定 编著 | |
| 分册: | ||
| 出版信息: | 北京 北京大学出版社 2011.7 |
|
| 页数: | 373页 | |
| 开本: | 23cm | |
| 丛书名: | ||
| 单 册: | ||
| 中图分类: | F069.9 | |
| 科图分类: | ||
| 主题词: | 经济社会学--高等教育--教材 | |
| 电子资源: | ||
| ISBN: | 978-7-301-16297-2 | |
| 000 | 00945nam0 2200253 45 | |
| 001 | 515 | |
| 005 | 20120531153225.09 | |
| 010 | @a978-7-301-16297-2@dCNY43.00 | |
| 100 | @a20120328d2011 em y0chiy50 ea | |
| 101 | 0 | @achi |
| 102 | @aCN@b110000 | |
| 105 | @ay z 000yy | |
| 106 | @ar | |
| 200 | 1 | @a经济社会学@AJing Ji She Hui Xue@dEconomic sociology@f刘世定编著@FLiu Shi Ding Bian Zhu@zeng |
| 210 | @a北京@c北京大学出版社@d2011.7 | |
| 215 | @a373页@d23cm | |
| 300 | @a21世纪社会学系列教材 普通高等教育“十一五”国家级规划教材 | |
| 330 | @a本书介绍了经济学的基本模型及其内在逻辑、假定和解释边界,并在此基础上引入社会学因素,探讨了市场主体——供给者和需求者,在制度、地位和关系网络等因素的影响下,是如何进行经济行为的。 | |
| 510 | 1 | @aEconomic sociology@zeng |
| 606 | 0 | @a经济社会学@x高等教育@j教材 |
| 690 | @aF069.9@v4 | |
| 701 | 0 | @a刘世定@ALiu Shi Ding@4编著 |
| 801 | 0 | @aCN@bTSTCL@c20120328 |
| 905 | @b0814161-67@dF069.9@e102@f7 | |
| 经济社会学=Economic sociology/刘世定编著.-北京:北京大学出版社,2011.7 |
| 373页;23cm |
| 21世纪社会学系列教材 普通高等教育“十一五”国家级规划教材 |
| ISBN 978-7-301-16297-2:CNY43.00 |
| 本书介绍了经济学的基本模型及其内在逻辑、假定和解释边界,并在此基础上引入社会学因素,探讨了市场主体——供给者和需求者,在制度、地位和关系网络等因素的影响下,是如何进行经济行为的。 |
| ● |
| 相关链接 |
|
|
|
|
正题名:经济社会学
索取号:F069.9/102
 
预约/预借
| 序号 | 登录号 | 条形码 | 馆藏地/架位号 | 状态 | 备注 |
| 1 | 0814161 | 208141615 | 第一样本阅览室/ [索取号:F069.9/102] | 在馆 | |
| 2 | 0814162 | 208141624 | 第一借阅区/ [索取号:F069.9/102] | 在馆 | |
| 3 | 0814163 | 208141633 | 第一借阅区/ [索取号:F069.9/102] | 在馆 | |
| 4 | 0814164 | 208141642 | 第一借阅区/ [索取号:F069.9/102] | 在馆 | |
| 5 | 0814165 | 208141651 | 第一借阅区/ [索取号:F069.9/102] | 在馆 | |
| 6 | 0814166 | 208141660 | 第一借阅区/ [索取号:F069.9/102] | 在馆 | |
| 7 | 0814167 | 208141679 | 第一借阅区/ [索取号:F069.9/102] | 在馆 |